000 00802cam a2200241 i 4500
001 107861
005 20230410105411.0
008 120926s2010 enka g b 001 0 eng d
020 _a9781848311664 (hbk.)
020 _a1848311664 (hbk.)
041 0 _aeng
050 1 4 _aHB 74
_bP881h 2010
100 1 _aPowdthavee, (Nick) Nattavudh.
245 1 4 _aThe happiness equation :
_bthe surprising economics of our most valuable asset /
_cNattavudh (Nick) Powdthavee.
260 _aLondon :
_bIcon Books,
_c2010.
300 _a249 p. :
_bill. ;
_c23 cm.
504 _aIncludes bibliographical references( p. 225-244) and index.
650 0 _aEconomics
_xPsychological aspects.
650 0 _aHappiness
_xEconomic aspects.
650 4 _aEconomia
_xAspectos sicológicos
942 _2lcc
_cbk
946 _aPP
999 _c35915
_d35915